Welke landen hebben het wk voetbal vrouwen georganiseerd? - Statistieken

Algemene statistieken
  • Deze quiz is 64 keer genomen
    22 sinds de laatste reset
  • De gemiddelde score is 9 van 11
Antwoordstatistieken
Hint Antwoord % Correct
2019 Frankrijk
100%
2011 Duitsland
95%
2023 Australië
84%
2027 Brazilië
84%
Nieuw-Zeeland
84%
1999 Verenigde Staten
84%
2003 Verenigde Staten
84%
2015 Canada
68%
1991 China
63%
2007 China
63%
1995 Zweden
63%
Geen overeenkomende quizzen gevonden
Scoreverdeling
Procent van Mensen met Elke Score
Percentiel versus Aantal Correcte Antwoorden
Uw Scoregeschiedenis
U heeft deze quiz nog niet genomen sinds de laatste reset